Discursos / (Registro nro. 13852)

Detalles MARC
000 -LEADER
fixed length control field 00882nam a2200265 a 4500
001 - CONTROL NUMBER
control field
003 - CONTROL NUMBER IDENTIFIER
control field DO-SdBNP
005 - DATE AND TIME OF LATEST TRANSACTION
control field 20211108120008.0
008 - FIXED-LENGTH DATA ELEMENTS--GENERAL INFORMATION
fixed length control field 100726s1998 dr ac 001 sdspa d
020 ## - INTERNATIONAL STANDARD BOOK NUMBER
International Standard Book Number 8492311363
040 ## - CATALOGING SOURCE
Original cataloging agency DO-SdBNP
Language of cataloging spa
Transcribing agency BPMSU
082 ## - DEWEY DECIMAL CLASSIFICATION NUMBER
Classification number 320.7293
Item number F363d,1998
Edition number 22
100 ## - MAIN ENTRY--PERSONAL NAME
Personal name Fernández, Leonel,
Dates associated with a name 1953-
245 10 - TITLE STATEMENT
Title Discursos /
Statement of responsibility, etc. Leonel Fernández; prólogo Rafael Núñez.
260 ## - PUBLICATION, DISTRIBUTION, ETC. (IMPRINT)
Place of publication, distribution, etc. Santo Domingo :
Name of publisher, distributor, etc. Alfa y Omega,
Date of publication, distribution, etc. 1998
300 ## - PHYSICAL DESCRIPTION
Extent 4 v. :
Other physical details il., retrs. ;
Dimensions 23 cm.
590 ## - LOCAL NOTE (RLIN)
Local note Inventariado, 2021/VM
600 14 - SUBJECT ADDED ENTRY--PERSONAL NAME
Personal name Fernandez, Leonel,
Dates associated with a name 1953-,
General subdivision Ensayos, conferencias, etc.
650 #4 - SUBJECT ADDED ENTRY--TOPICAL TERM
Topical term or geographic name as entry element Discursos presidenciales
651 #4 - SUBJECT ADDED ENTRY--GEOGRAPHIC NAME
Geographic name República Dominicana
General subdivision Presidente (1996-1986: Leonel Fernández Reyna)
651 #4 - SUBJECT ADDED ENTRY--GEOGRAPHIC NAME
Geographic name República Dominicana
General subdivision Política y gobierno
700 1# - ADDED ENTRY--PERSONAL NAME
Personal name Núñez, Rafael,
Relator term pról.
910 ## - USER-OPTION DATA (OCLC)
User-option data VMateo V.
942 ## - ADDED ENTRY ELEMENTS (KOHA)
Source of classification or shelving scheme Dewey Decimal Classification
Koha item type Libros
Existencias
Withdrawn status Lost status Source of classification or shelving scheme Damaged status Not for loan Collection code Home library Current library Date acquired Source of acquisition Full call number Barcode Date last seen Price effective from Koha item type
    Dewey Decimal Classification     Colección Dominicana Biblioteca Pública Metropolitana Salomé Ureña Biblioteca Pública Metropolitana Salomé Ureña 11/08/2021 Fundacón Juan Bosch BPMSU CD 320.7293 F363d 1998 BPMSU21110057 11/08/2021 11/08/2021 Libros